Programación Fortran / (Record no. 122865)

MARC details
000 -LEADER
campo de control de longitud fija 00796nam a2200217 i 4500
001 - NÚMERO DE CONTROL
campo de control 122865
003 - IDENTIFICADOR DE NÚMERO DE CONTROL
campo de control ES-MaACL
005 - FECHA Y HORA DE LA ÚLTIMA TRANSACCIÓN
campo de control 20230906192045.0
007 - CAMPO FIJO DE DESCRIPCIÓN FÍSICA--INFORMACIÓN GENERAL
campo de control de longitud fija t|
008 - DATOS DE LONGITUD FIJA--INFORMACIÓN GENERAL
campo de control de longitud fija 070214s1982 sp a r ||||0| spa d
080 ## - NÚMERO DE LA CLASIFICACIÓN DECIMAL UNIVERSAL
Número de la Clasificación Decimal Universal 681.31.06 Fortran
245 00 - MENCIÓN DEL TÍTULO
Título Programación Fortran /
Mención de responsabilidad, etc. por José Ramón Berzosa Valencia ... [et al.].
250 ## - MENCION DE EDICION
Mención de edición 4ª ed.
260 ## - PUBLICACIÓN, DISTRIBUCIÓN, ETC.
Lugar de publicación, distribución, etc. Madrid :
Nombre del editor, distribuidor, etc. E. T. S. Ingenieros de Telecomunicaciones, Departamento de Publicaciones,
Fecha de publicación, distribución, etc. 1982.
300 ## - DESCRIPCIÓN FÍSICA
Extensión 330 p. :
Otras características físicas il. ;
Dimensiones 29 cm.
650 #4 - PUNTO DE ACCESO ADICIONAL DE MATERIA--TÉRMINO DE MATERIA
Término de materia o nombre geográfico como elemento de entrada FORTRAN (Lenguaje de programación)
9 (RLIN) 155816
700 1# - ENTRADA AGREGADA--NOMBRE PERSONAL
Nombre de persona Berzosa Valencia, José Ramón.
9 (RLIN) 28559
710 2# - ENTRADA AGREGADA--NOMBRE DE ENTIDAD CORPORATIVA
Nombre de entidad corporativa o nombre de jurisdicción como elemento de entrada Universidad Politécnica de Madrid.
Unidad subordinada Escuela Técnica Superior de Ingenieros de Telecomunicación.
9 (RLIN) 7441
852 ## - LOCALIZACIÓN
Ubicación ES-MaACL
Número de control de estantería L-6215
852 ## - LOCALIZACIÓN
Ubicación ES-MaACL
Número de control de estantería L-7253
Holdings
Estatus retirado Estado de pérdida Estado de daño No para préstamo Biblioteca de origen Biblioteca actual Ubicación en estantería Fecha de adquisición Fuente de adquisición Total de préstamos Signatura topográfica completa Código de barras Visto por última vez Precio de reemplazo Tipo de ítem Koha
        Biblioteca del Ateneo de Madrid Biblioteca del Ateneo de Madrid Depósito 2 17/01/2008     L-6215 1128025 23/02/2023 23/02/2023 Libro impreso
        Biblioteca del Ateneo de Madrid Biblioteca del Ateneo de Madrid Depósito 2 17/01/2008     L-7253 1128026 23/02/2023 23/02/2023 Libro impreso